<?xml version="1.0" encoding="UTF-8"?>
<record
    xmlns:xsi="http://www.w3.org/2001/XMLSchema-instance"
    xsi:schemaLocation="http://www.loc.gov/MARC21/slim http://www.loc.gov/standards/marcxml/schema/MARC21slim.xsd"
    xmlns="http://www.loc.gov/MARC21/slim">

  <leader>05542nam a2200493Ia 4500</leader>
  <controlfield tag="001">dia_421</controlfield>
  <controlfield tag="003">CHAP</controlfield>
  <controlfield tag="005">20250207111008.0</controlfield>
  <controlfield tag="007">ta</controlfield>
  <controlfield tag="008">220117s2018    mx abdofrm    001 0 spa d</controlfield>
  <datafield tag="010" ind1=" " ind2=" ">
    <subfield code="a">170973</subfield>
  </datafield>
  <datafield tag="040" ind1=" " ind2=" ">
    <subfield code="c">CHAP</subfield>
    <subfield code="a">mxchpua</subfield>
    <subfield code="e">rda</subfield>
  </datafield>
  <datafield tag="041" ind1="0" ind2=" ">
    <subfield code="a">spa</subfield>
    <subfield code="b">eng</subfield>
  </datafield>
  <datafield tag="090" ind1=" " ind2=" ">
    <subfield code="a">Tesis </subfield>
    <subfield code="b">R67 </subfield>
    <subfield code="c">2018</subfield>
  </datafield>
  <datafield tag="100" ind1="1" ind2=" ">
    <subfield code="a">Rosa Bermudez, Jacqueline de la</subfield>
  </datafield>
  <datafield tag="240" ind1="1" ind2="0">
    <subfield code="a">Study of techincal-economic feasibility for the establisment of a rabbit and packaging of rabbit meat (Oryctolagus cuniculus), in Altotonga, Veracruz. </subfield>
    <subfield code="l">Espa&#xF1;ol</subfield>
  </datafield>
  <datafield tag="245" ind1="1" ind2="0">
    <subfield code="a">Estudio de factibilidad t&#xE9;cnico-econ&#xF3;mico para el establecimiento de un rastro y empacadora de carne de conejo (Orcyctolagus cuniculus), en Altotonga, Veracruz /</subfield>
    <subfield code="c">Jacqueline de la Rosa Bermudez</subfield>
  </datafield>
  <datafield tag="264" ind1=" " ind2=" ">
    <subfield code="a">Chapingo, M&#xE9;xico :</subfield>
    <subfield code="b">El autor,</subfield>
    <subfield code="c">2018</subfield>
  </datafield>
  <datafield tag="300" ind1=" " ind2=" ">
    <subfield code="a">xii, 85 hojas :</subfield>
    <subfield code="b">ilustraciones, mapas, gr&#xE1;ficas, diagramas, tablas, fotos, planos +</subfield>
    <subfield code="e">1 CD-ROM</subfield>
  </datafield>
  <datafield tag="336" ind1=" " ind2=" ">
    <subfield code="2">rdacontent</subfield>
    <subfield code="a">texto</subfield>
    <subfield code="b">txt</subfield>
  </datafield>
  <datafield tag="337" ind1=" " ind2=" ">
    <subfield code="2">rdamedia</subfield>
    <subfield code="a">no mediado</subfield>
    <subfield code="b">n</subfield>
  </datafield>
  <datafield tag="338" ind1=" " ind2=" ">
    <subfield code="2">rdacarrier</subfield>
    <subfield code="a">volumen</subfield>
    <subfield code="b">nc</subfield>
  </datafield>
  <datafield tag="500" ind1=" " ind2=" ">
    <subfield code="a">El CD contiene reporte --
Los planos est&#xE1;n incluidos en el reporte</subfield>
  </datafield>
  <datafield tag="502" ind1=" " ind2=" ">
    <subfield code="a">Formulaci&#xF3;n o Evaluaci&#xF3;n de Proyectos </subfield>
    <subfield code="b">(Ingeniero Agroindustrial) -- </subfield>
    <subfield code="c">UACh. Departamento de Ingenier&#xED;a Agroindustrial, </subfield>
    <subfield code="d">2018</subfield>
  </datafield>
  <datafield tag="504" ind1=" " ind2=" ">
    <subfield code="a">Bibliograf&#xED;a: hojas 82-85</subfield>
  </datafield>
  <datafield tag="505" ind1=" " ind2=" ">
    <subfield code="a">2 planos --
1. Distribuci&#xF3;n de &#xE1;reas -- 
2. Distribuci&#xF3;n de maquinaria y equipo</subfield>
  </datafield>
  <datafield tag="520" ind1="3" ind2=" ">
    <subfield code="a">La cunicultura en zonas rurales contribuye en la soluci&#xF3;n de la seguridad alimentaria y representa un ingreso econ&#xF3;mico extra por la venta de sus conejos. La propuesta de un rastro de conejo permitir&#xE1; que los cunicultores tengan un lugar fijo y seguro donde vender sus conejos. El personal para este proyecto, en su mayor&#xED;a, ser&#xE1; de la comunidad de Magueyitos. El rastro ofertar&#xE1; su producto a centros comerciales, restaurantes, mercados locales y carnicer&#xED;as, el producto cumplir&#xE1; estrictamente con todas las normas establecidas para la obtenci&#xF3;n de una canal de conejo inocua y de buena calidad. El potencial de consumo de carne de conejo, en Veracruz (regi&#xF3;n capital), genera una diferencia anual de 25.42 t, indicando la necesidad de ampliar la producci&#xF3;n y el mercado, con ayuda de estrategias de publicidad. La organizaci&#xF3;n administrativa estar&#xE1; conformada por cincos socios, tres de ellos son cunicultores, que tienen intenci&#xF3;n de llevar a cabo este proyecto. El an&#xE1;lisis de impacto ambiental que provocar&#xE1; este proyecto en su ejecuci&#xF3;n ser&#xE1; m&#xED;nimo. Para el proyecto se determin&#xF3; una inversi&#xF3;n inicial de $ 3,347,825.40 MXN. La evaluaci&#xF3;n de rentabilidad se ajust&#xF3; para un periodo de cinco a&#xF1;os, se obtuvieron los siguientes indicadores financieros, a una tasa m&#xED;nima aceptable de rendimiento del 17.8%: valor actual neto de 987,109.54, a una tasa interna de retorno de 28% y una relaci&#xF3;n beneficio/costo de 1.19. El tiempo de recuperaci&#xF3;n de la inversi&#xF3;n ser&#xE1; de 2 a&#xF1;os y 5 meses. Con todo este conjunto de antecedentes permiten juzgar que la propuesta de inversi&#xF3;n para un rastro y empacadora de conejo, en Altotonga, Veracruz, es factible para su ejecuci&#xF3;n y puesta en marcha. --</subfield>
  </datafield>
  <datafield tag="520" ind1="3" ind2=" ">
    <subfield code="a"> Rabbit-breeding in rural areas contributes to the solution of food security and represents an extra income from the sale of their rabbits. The proposal of a slaughter house will allow the rabbit-breeders to have a fixed and safe place to sell their rabbits. The staff for this project, mostly, will be from Magueyitos. The slaughter house will offer their product to shopping centers, restaurants, local markets and butchers, the product will strictly comply with all the established norms for obtaining a harmless rabbit channel of good quality. The potential consumption of rabbit meat, in Veracruz (capital region), generates an annual difference of 25.42 t, indicating the need to expand production and market, with the help of advertising strategies. The administrative organization will be conformed of five associates, three of them rabbit-breeders, who intend to carry out this project. The environmental impact analysis that this project will cause in their execution will be minimal. For the project, an initial investment of $ 3,347,825.40 MXN was determined. The evaluation of profitability was adjusted for a period of five years, the following financial indicators were obtained, at a minimum acceptable rate of return of 17.8%: net present value of 987.109.54, an internal rate of return of 28% and a benefit / cost ratio of 1.19. The recovery time of the investment will be 2 years and 5 months. With all this set of background allow us to judge that the investment proposal for a rabbit slaughter house and packing, in Altotonga, Veracruz, is feasible for its implementation and implementation.</subfield>
  </datafield>
  <datafield tag="650" ind1="1" ind2="3">
    <subfield code="a">Carne de conejo  </subfield>
    <subfield code="2">atg</subfield>
  </datafield>
  <datafield tag="650" ind1="1" ind2="3">
    <subfield code="a">Mataderos</subfield>
    <subfield code="2">atg</subfield>
    <subfield code="z">M&#xE9;xico</subfield>
    <subfield code="z">Veracruz  </subfield>
  </datafield>
  <datafield tag="650" ind1="1" ind2="3">
    <subfield code="a">Meat packing plants</subfield>
    <subfield code="2">atg</subfield>
    <subfield code="z">Mexico</subfield>
    <subfield code="z">Veracruz  </subfield>
  </datafield>
  <datafield tag="650" ind1="1" ind2="3">
    <subfield code="a">Plantas empacadoras de carne</subfield>
    <subfield code="2">atg</subfield>
    <subfield code="z">M&#xE9;xico</subfield>
    <subfield code="z">Veracruz  </subfield>
  </datafield>
  <datafield tag="650" ind1="1" ind2="3">
    <subfield code="a">Rabbit meat  </subfield>
    <subfield code="2">atg</subfield>
  </datafield>
  <datafield tag="650" ind1="1" ind2="3">
    <subfield code="a">Slaughterhouses</subfield>
    <subfield code="2">atg</subfield>
    <subfield code="z">Mexico</subfield>
    <subfield code="z">Veracruz</subfield>
  </datafield>
  <datafield tag="700" ind1="1" ind2=" ">
    <subfield code="a">Mart&#xED;nez Mosqueda, Francisco</subfield>
    <subfield code="e">director</subfield>
  </datafield>
  <datafield tag="700" ind1="1" ind2=" ">
    <subfield code="a">Avalos de la Cruz, Dora Ang&#xE9;lica</subfield>
    <subfield code="e">asesora</subfield>
  </datafield>
  <datafield tag="700" ind1="1" ind2=" ">
    <subfield code="a">Mendoza &#xC1;lvarez, Mar&#xED;a Beatriz</subfield>
    <subfield code="e">asesora</subfield>
  </datafield>
  <datafield tag="856" ind1="4" ind2="1">
    <subfield code="u">http://10.13.5.2/tesis/sist115402.pdf</subfield>
    <subfield code="y">DESCARGAR PDF</subfield>
  </datafield>
  <datafield tag="901" ind1=" " ind2=" ">
    <subfield code="a">TESIS R67 2018</subfield>
  </datafield>
  <datafield tag="902" ind1=" " ind2=" ">
    <subfield code="a">M</subfield>
  </datafield>
  <datafield tag="905" ind1=" " ind2=" ">
    <subfield code="a">5232272018                          mx nml 8223223222spa16</subfield>
  </datafield>
  <datafield tag="942" ind1=" " ind2=" ">
    <subfield code="c">TESIS</subfield>
    <subfield code="2">Clasificaci&#xF3;n Universidad Aut&#xF3;noma Chapingo</subfield>
  </datafield>
  <datafield tag="999" ind1=" " ind2=" ">
    <subfield code="c">170973</subfield>
    <subfield code="d">170973</subfield>
  </datafield>
  <datafield tag="952" ind1=" " ind2=" ">
    <subfield code="0">0</subfield>
    <subfield code="1">0</subfield>
    <subfield code="2">local</subfield>
    <subfield code="4">0</subfield>
    <subfield code="5">1</subfield>
    <subfield code="7">0</subfield>
    <subfield code="8">TESIS</subfield>
    <subfield code="a">IA_</subfield>
    <subfield code="b">IA_</subfield>
    <subfield code="d">2022-01-18</subfield>
    <subfield code="e">El autor</subfield>
    <subfield code="l">0</subfield>
    <subfield code="o">Tesis R67 2018</subfield>
    <subfield code="p">1101011935</subfield>
    <subfield code="r">2022-01-18 00:00:00</subfield>
    <subfield code="t">Ej.2</subfield>
    <subfield code="w">2022-01-18</subfield>
    <subfield code="y">CD</subfield>
  </datafield>
  <datafield tag="952" ind1=" " ind2=" ">
    <subfield code="0">0</subfield>
    <subfield code="1">0</subfield>
    <subfield code="2">local</subfield>
    <subfield code="4">0</subfield>
    <subfield code="5">1</subfield>
    <subfield code="7">0</subfield>
    <subfield code="8">TESIS</subfield>
    <subfield code="a">IA_</subfield>
    <subfield code="b">IA_</subfield>
    <subfield code="d">2022-01-18</subfield>
    <subfield code="e">El autor</subfield>
    <subfield code="l">0</subfield>
    <subfield code="o">Tesis R67 2018</subfield>
    <subfield code="p">1101011934</subfield>
    <subfield code="r">2026-02-02 00:00:00</subfield>
    <subfield code="t">Ej.1</subfield>
    <subfield code="w">2022-01-18</subfield>
    <subfield code="y">TESIS</subfield>
  </datafield>
  <datafield tag="952" ind1=" " ind2=" ">
    <subfield code="0">0</subfield>
    <subfield code="1">0</subfield>
    <subfield code="2">local</subfield>
    <subfield code="4">0</subfield>
    <subfield code="7">0</subfield>
    <subfield code="8">TesDigL</subfield>
    <subfield code="a">IA_</subfield>
    <subfield code="b">IA_</subfield>
    <subfield code="c">E_L</subfield>
    <subfield code="d">2022-01-18</subfield>
    <subfield code="e">El autor</subfield>
    <subfield code="l">0</subfield>
    <subfield code="p">1201011934</subfield>
    <subfield code="r">2024-06-26 00:00:00</subfield>
    <subfield code="w">2022-01-18</subfield>
    <subfield code="y">TD</subfield>
  </datafield>
</record>
